000 00540nam a22001817a 4500
003 BD-ChCU
005 20260215144450.0
008 260215b bg ||||| |||| 00| 0 ben d
040 _cBD-ChCU
082 _a330.994 TAA
100 _aTaylor, Griffin.
_920309
245 _aAustralia :
_b a study of warm environments and their effect on British settlement.//
_cTaylor, Griffin.
250 _a7th ed.
260 _aLondon.
_bMethuen
_c1961
300 _axv, 490p
650 0 _aAustralia - Economic Condition.
_920310
942 _2ddc
_cBK
_n0
999 _c111599
_d111599